[Event "Team men HL 2016"]
[Site "Sochi"]
[Date "2016.05.03"]
[Round "3.16"]
[White "Saulin, Dmitri"]
[Black "Geivondian, Arman"]
[Result "1-0"]
[LiveChessVersion "1.4.4"]
[BlackElo "2405"]
[WhiteElo "2390"]

1. d4 {[%clk 1:30:53]} e6 {[%clk 1:29:13]} 2. Nf3 {[%clk 1:27:53]} Nf6
{[%clk 1:29:37]} 3. c4 {[%clk 1:26:50]} d5 {[%clk 1:29:18]} 4. g3
{[%clk 1:26:52]} Bb4+ {[%clk 1:29:17]} 5. Bd2 {[%clk 1:26:24]} Be7
{[%clk 1:29:41]} 6. Bg2 {[%clk 1:26:17]} O-O {[%clk 1:30:04]} 7. O-O
{[%clk 1:25:40]} c6 {[%clk 1:30:30]} 8. Qc2 {[%clk 1:25:37]} Nbd7
{[%clk 1:30:50]} 9. Rc1 {[%clk 1:21:19]} b6 {[%clk 1:25:22]} 10. a4
{[%clk 1:09:23]} a5 {[%clk 1:13:26]} 11. cxd5 {[%clk 1:08:57]} cxd5
{[%clk 1:05:54]} 12. Nc3 {[%clk 1:08:02]} Ba6 {[%clk 1:02:59]} 13. Nb5
{[%clk 1:05:27]} Bxb5 {[%clk 0:54:10]} 14. axb5 {[%clk 1:02:29]} Rc8
{[%clk 0:54:19]} 15. Qa4 {[%clk 1:02:31]} Ne4 {[%clk 0:54:24]} 16. Be1
{[%clk 0:57:57]} Bd6 {[%clk 0:44:39]} 17. e3 {[%clk 0:45:43]} g5 {[%clk 0:36:19]}
18. Rc6 {[%clk 0:30:29]} Nb8 {[%clk 0:33:49]} 19. Rxc8 {[%clk 0:29:17]} Qxc8
{[%clk 0:34:10]} 20. Ne5 {[%clk 0:29:41]} Qc7 {[%clk 0:12:38]} 21. Nc6
{[%clk 0:27:20]} f5 {[%clk 0:07:39]} 22. Rc1 {[%clk 0:19:06]} Qf7
{[%clk 0:06:19]} 23. f3 {[%clk 0:10:25]} Nf6 {[%clk 0:06:47]} 24. b4
{[%clk 0:10:28]} f4 {[%clk 0:06:09]} 25. exf4 {[%clk 0:10:08]} gxf4
{[%clk 0:06:37]} 26. bxa5 {[%clk 0:09:37]} bxa5 {[%clk 0:06:07]} 27. Ne5
{[%clk 0:05:40]} Qa7 {[%clk 0:05:30]} 28. Bf2 {[%clk 0:05:17]} fxg3
{[%clk 0:05:53]} 29. hxg3 {[%clk 0:05:42]} Nh5 {[%clk 0:02:05]} 30. Bh3
{[%clk 0:04:15]} Kh8 {[%clk 0:01:44]} 31. Bg4 {[%clk 0:04:12]} Ng7
{[%clk 0:01:18]} 32. Kg2 {[%clk 0:03:48]} Nd7 {[%clk 0:01:06]} 33. Rc6
{[%clk 0:03:30]} Bxe5 {[%clk 0:00:50]} 34. dxe5 {[%clk 0:03:52]} Qb8
{[%clk 0:01:19]} 35. f4 {[%clk 0:04:00]} Qe8 {[%clk 0:01:05]} 36. Qc2
{[%clk 0:03:24]} h5 {[%clk 0:01:34]} 37. Bh3 {[%clk 0:02:24]} h4 {[%clk 0:01:08]}
38. Qe2 {[%clk 0:02:18]} hxg3 {[%clk 0:00:59]} 39. Bxg3 {[%clk 0:02:46]} Qg6 40.
Qg4 {[%clk 0:32:25]} Qe4+ {[%clk 0:31:26]} 41. Kh2 {[%clk 0:32:44]} Qh7
{[%clk 0:26:19]} 42. b6 {[%clk 0:26:18]} Nb8 {[%clk 0:08:37]} 43. Rc7
{[%clk 0:23:58]} Na6 {[%clk 0:09:05]} 44. Ra7 {[%clk 0:22:39]} Nc5
{[%clk 0:08:16]} 45. Bh4 {[%clk 0:20:15]} Qc2+ {[%clk 0:04:32]} 46. Qg2
{[%clk 0:19:50]} Qxg2+ {[%clk 0:04:30]} 47. Bxg2 {[%clk 0:20:02]} Kh7
{[%clk 0:04:15]} 48. Be7 {[%clk 0:19:26]} Rc8 {[%clk 0:03:41]} 49. Rc7
{[%clk 0:19:55]} Rh8 {[%clk 0:03:56]} 50. Bxc5 {[%clk 0:20:13]} Kg6+
{[%clk 0:04:21]} 51. Kg1 {[%clk 0:20:36]} 1-0

[Event "Team men HL chess 2016"]
[Site "Sochi"]
[Date "2016.05.03"]
[Round "3.5"]
[White "Pustovoitova, Daria"]
[Black "Potapov, Pavel"]
[Result "0-1"]
[WhiteElo "2304"]
[BlackElo "2485"]
[PlyCount "76"]
[EventDate "2016.05.01"]

1. Nf3 f5 2. d3 Nc6 3. e4 e5 4. Nc3 Nf6 5. Bg5 Bb4 6. exf5 d5 7. d4 exd4 8.
Nxd4 Nxd4 9. Qxd4 Qe7+ 10. Kd1 O-O 11. Bd3 Bxc3 12. bxc3 Qd6 13. Bxf6 Rxf6 14.
g4 c5 15. Qe3 Bd7 16. Qg3 Qb6 17. Re1 c4 18. Bf1 Rc8 19. Qe3 d4 20. cxd4 Rd6
21. Kc1 c3 22. Rb1 Qa5 23. Rxb7 Qxa2 24. Bd3 Qa1+ 25. Rb1 Qa4 26. f6 Rxf6 27.
Qe4 Rh6 28. Qf4 Qa3+ 29. Kd1 Rf8 30. Rb8 Bxg4+ 31. Qxg4 Rxb8 32. Re5 Qd6 33.
Qe4 Rf8 34. Re8 Rxh2 35. Ke1 Qf6 36. Bc4+ Kh8 37. f4 Qh4+ 38. Kd1 Qh5+ 0-1

[Event "Team men HL chess 2016"]
[Site "Sochi"]
[Date "2016.05.03"]
[Round "3.5"]
[White "Belyakov, Bogdan"]
[Black "Smirnov, Alexey"]
[Result "1-0"]
[WhiteElo "2493"]
[BlackElo "2445"]
[PlyCount "39"]
[EventDate "2016.05.01"]

1. e4 c5 2. Nf3 d6 3. Nc3 Nf6 4. d4 cxd4 5. Nxd4 a6 6. Bg5 e6 7. f4 h6 8. Bh4
Qb6 9. Qd2 Qxb2 10. Rb1 Qa3 11. Be2 Nbd7 12. O-O Be7 13. f5 e5 14. Ne6 fxe6 15.
fxe6 Nc5 16. Rxf6 gxf6 17. Bh5+ Kf8 18. Bxf6 Bxf6 19. Qf2 Kg7 20. Qf5 1-0

[Event "Team men HL chess 2016"]
[Site "Sochi"]
[Date "2016.05.03"]
[Round "3.5"]
[White "Babarykin, Stanislav"]
[Black "Savitskiy, Sergey"]
[Result "1/2-1/2"]
[WhiteElo "2396"]
[BlackElo "2401"]
[PlyCount "68"]
[EventDate "2016.05.01"]

1. e4 c5 2. Nf3 d6 3. Bb5+ Nc6 4. O-O Bd7 5. Re1 a6 6. Bxc6 Bxc6 7. d4 cxd4 8.
Nxd4 Bd7 9. c4 g6 10. b3 Bg7 11. Bb2 Nf6 12. Nc3 O-O 13. Qd3 Ng4 14. Qd2 Rc8
15. a4 Qa5 16. Rad1 e6 17. Nf3 Bc6 18. h3 Ne5 19. Nd4 Rcd8 20. Qc2 Qb6 21. Nce2
Rc8 22. Nxc6 Rxc6 23. Bd4 Qb4 24. Bc3 Qb6 25. Rd2 Rfc8 26. Bd4 Qb4 27. Bc3 Qb6
28. Qb2 Bh6 29. Rdd1 Bg7 30. Rd2 Bh6 31. Rdd1 Bg7 32. Rd2 Bh6 33. Rdd1 Bg7 34.
Rd2 Bh6 1/2-1/2

[Event "Team men HL chess 2016"]
[Site "Sochi"]
[Date "2016.05.03"]
[Round "3.5"]
[White "Sergeyev, Alexander"]
[Black "Meshkov, Yuri A"]
[Result "1-0"]
[WhiteElo "2388"]
[BlackElo "2354"]
[PlyCount "87"]
[EventDate "2016.05.01"]

1. d4 Nf6 2. c4 e6 3. g3 Bb4+ 4. Nd2 d5 5. Ngf3 O-O 6. Bg2 b6 7. cxd5 exd5 8.
O-O Bb7 9. a3 Bd6 10. Nh4 Re8 11. Nf5 Bf8 12. Nf3 Ne4 13. Bf4 Bc8 14. Ne3 Be6
15. Rc1 c5 16. dxc5 bxc5 17. b4 cxb4 18. axb4 Na6 19. b5 Nac5 20. Nd4 Qb6 21.
Be5 a6 22. Nxe6 Qxe6 23. Bd4 Rad8 24. bxa6 Nxa6 25. Qa4 Nb4 26. Rc7 Ra8 27. Qd7
Bd6 28. Qxe6 Rxe6 29. Rd7 Nc6 30. Nf5 Nxd4 31. Nxd4 Rf6 32. Rc1 g6 33. f3 Nd2
34. Nb5 Ra6 35. f4 Ne4 36. Bxe4 dxe4 37. Rc4 e3 38. Kg2 h5 39. Kf3 Rb6 40. Nc3
Re6 41. Ne4 Be7 42. Rcc7 Rb4 43. Rxe7 Rbxe4 44. Rxf7 1-0

[Event "Team men HL chess 2016"]
[Site "Sochi"]
[Date "2016.05.03"]
[Round "3.6"]
[White "Tarlev, Konstantin"]
[Black "Eliseev, Urii"]
[Result "1/2-1/2"]
[WhiteElo "2586"]
[BlackElo "2606"]
[PlyCount "66"]
[EventDate "2016.05.01"]

1. e4 e5 2. Nf3 Nc6 3. Bb5 a6 4. Ba4 Nf6 5. d3 Bc5 6. Bxc6 dxc6 7. Nc3 Nd7 8.
Be3 Bd6 9. Nd2 Nf8 10. Nc4 Ng6 11. d4 Be6 12. Nxd6+ cxd6 13. dxe5 dxe5 14.
Qxd8+ Kxd8 15. Bb6+ Ke7 16. Na4 Nf8 17. Nc5 Nd7 18. Nxd7 Bxd7 19. O-O-O Be6 20.
Bc5+ Kf6 21. Rd3 Rhd8 22. b3 Rxd3 23. cxd3 a5 24. Kb2 a4 25. Rc1 axb3 26. axb3
g5 27. d4 exd4 28. Bxd4+ Kg6 29. Be3 Rd8 30. Kc3 Ra8 31. Kb2 Rd8 32. Kc3 Ra8
33. Kb2 Rd8 1/2-1/2

[Event "Team men HL chess 2016"]
[Site "Sochi"]
[Date "2016.05.03"]
[Round "3.6"]
[White "Paravyan, David"]
[Black "Sek, Konstantin"]
[Result "1/2-1/2"]
[WhiteElo "2497"]
[BlackElo "2450"]
[PlyCount "63"]
[EventDate "2016.05.01"]

1. e4 e5 2. Nf3 Nc6 3. Bb5 a6 4. Ba4 Nf6 5. O-O Be7 6. Re1 b5 7. Bb3 O-O 8. c3
d6 9. h3 Na5 10. Bc2 c5 11. d4 Qc7 12. Nbd2 Bd7 13. d5 c4 14. Nf1 Nb7 15. N3h2
Nc5 16. f4 exf4 17. Bxf4 Qb7 18. Be3 Rac8 19. Bd4 Rfd8 20. Ng3 a5 21. Nh5 Nxh5
22. Qxh5 Bf8 23. Re3 f6 24. Rf1 Be8 25. Qg4 Bg6 26. h4 Qd7 27. Qe2 Qf7 28. Rg3
Kh8 29. Rh3 h5 30. Rg3 Bh7 31. Bxc5 dxc5 32. e5 {çàïèñü íå ðàçáîð~~èâà} 1/2-1/2

[Event "Team men HL chess 2016"]
[Site "Sochi"]
[Date "2016.05.03"]
[Round "3.6"]
[White "Sin, Denis"]
[Black "Iljiushenok, Ilia"]
[Result "0-1"]
[WhiteElo "2312"]
[BlackElo "2499"]
[PlyCount "64"]
[EventDate "2016.05.01"]

1. d4 d5 2. c4 c6 3. Nf3 Nf6 4. e3 Bf5 5. Nc3 e6 6. Nh4 Bg6 7. Nxg6 hxg6 8. a3
Nbd7 9. g3 dxc4 10. Bxc4 Bd6 11. f4 c5 12. O-O cxd4 13. Qxd4 Bc5 14. Qd3 O-O
15. b4 Be7 16. Bb2 a5 17. b5 Nb6 18. Qe2 Bc5 19. Ba2 a4 20. Bb1 Nbd5 21. Nxd5
Nxd5 22. Rf3 Qb6 23. Kf2 Rfd8 24. Bd3 Nxe3 25. Rxe3 Rxd3 26. Qxd3 Rd8 27. Kf3
Rxd3 28. Rxd3 Qxb5 29. Rd2 Qc6+ 30. Ke2 Qe4+ 31. Kd1 Be3 32. Re2 Qd5+ 0-1

[Event "Team men HL chess 2016"]
[Site "Sochi"]
[Date "2016.05.03"]
[Round "3.6"]
[White "Arkhipov, Sergey"]
[Black "Khokhlova, Daria"]
[Result "1-0"]
[WhiteElo "2480"]
[BlackElo "2204"]
[PlyCount "153"]
[EventDate "2016.05.01"]

1. d4 g6 2. e4 Bg7 3. c4 d6 4. Nc3 Nf6 5. Nge2 O-O 6. Ng3 c5 7. d5 h5 8. Be2
Nbd7 9. h3 a6 10. a4 Qc7 11. O-O b6 12. f4 Bb7 13. Bd3 Rae8 14. e5 dxe5 15. f5
e4 16. Ngxe4 Nxe4 17. Bxe4 Qd6 18. Qe2 Ne5 19. Bf4 Bc8 20. Rae1 gxf5 21. Bc2 f6
22. Qxh5 e6 23. Rd1 Qe7 24. b3 Rd8 25. dxe6 Bxe6 26. Nd5 Qb7 27. Bxf5 Bxf5 28.
Qxf5 Rde8 29. Bg3 Rf7 30. Rde1 b5 31. Bxe5 fxe5 32. Qg6 Ref8 33. Qe6 Qd7 34.
Qxd7 Rxd7 35. Rd1 Rb7 36. cxb5 axb5 37. Rxf8+ Kxf8 38. Nc3 bxa4 39. Nxa4 Rxb3
40. Nxc5 Rc3 41. Ne6+ Kf7 42. Nxg7 Kxg7 43. Rd6 Kf7 44. Kf2 e4 45. Rd4 Rc2+ 46.
Kg1 e3 47. Re4 e2 48. Kh2 Kf6 49. Kg3 Kf5 50. Re8 Rc3+ 51. Kf2 Kf4 52. Rxe2 Ra3
53. Rb2 Rc3 54. g3+ Kf5 55. Kg2 Rc5 56. Rf2+ Kg5 57. h4+ Kh5 58. Kh3 Rc3 59.
Rf5+ Kg6 60. Re5 Rc6 61. Ra5 Kh6 62. Rf5 Kg6 63. Kg4 Rc4+ 64. Rf4 Rc3 65. h5+
Kg7 66. Rf3 Rc4+ 67. Kg5 Rc5+ 68. Rf5 Rc6 69. g4 Ra6 70. Rb5 Rc6 71. h6+ Kg8
72. Kh5 Rc1 73. g5 Ra1 74. Rb8+ Kf7 75. g6+ Kf6 76. Rf8+ Ke7 77. g7 1-0

[Event "Team men HL chess 2016"]
[Site "Sochi"]
[Date "2016.05.03"]
[Round "3.7"]
[White "Chekhov, Sergei"]
[Black "Tukhaev, Adam"]
[Result "0-1"]
[WhiteElo "2465"]
[BlackElo "2536"]
[PlyCount "96"]
[EventDate "2016.05.01"]

1. e4 c5 2. c3 e6 3. d4 d5 4. exd5 exd5 5. Nf3 Nf6 6. Bb5+ Bd7 7. Bxd7+ Nbxd7
8. O-O Be7 9. dxc5 Nxc5 10. Nbd2 O-O 11. Nb3 Nce4 12. Nbd4 Re8 13. Bf4 g6 14.
Qb3 Nh5 15. Be5 Qd7 16. Qb5 Rad8 17. Qxd7 Rxd7 18. h3 Bd6 19. Bxd6 Rxd6 20. g3
Rb6 21. Rab1 Nc5 22. b3 Ne4 23. Rfe1 Nhf6 24. c4 dxc4 25. bxc4 Rxb1 26. Rxb1
Nc5 27. a4 Re7 28. a5 Nfe4 29. Kg2 Nd3 30. Rb3 Ndxf2 31. a6 b6 32. c5 Nxc5 33.
Kxf2 Nxb3 34. Nxb3 Rc7 35. Nfd4 Rc3 36. g4 Rxh3 37. Nf3 h5 38. g5 Rh1 39. Ne5
Rh2+ 40. Kg3 Ra2 41. Nd4 Rxa6 42. Nd7 Ra1 43. Nc6 Kg7 44. Nf6 a5 45. Ne5 a4 46.
Ned7 a3 47. Ne8+ Kh8 48. Ne5 a2 0-1

[Event "Team men HL chess 2016"]
[Site "Sochi"]
[Date "2016.05.03"]
[Round "3.7"]
[White "Gabrielian, Artur"]
[Black "Rodin, Dmitrij"]
[Result "1/2-1/2"]
[WhiteElo "2520"]
[BlackElo "2363"]
[PlyCount "81"]
[EventDate "2016.05.01"]

1. e4 c5 2. c3 Nf6 3. e5 Nd5 4. Bc4 e6 5. Nf3 d6 6. d4 Nc6 7. O-O Be7 8. Bxd5
exd5 9. exd6 Qxd6 10. dxc5 Qxc5 11. Be3 Qd6 12. Na3 O-O 13. Nb5 Qg6 14. Bf4 Bf5
15. Nfd4 Be4 16. f3 Bd3 17. Re1 Bc5 18. Be3 Rae8 19. Nc7 Rxe3 20. Rxe3 Nxd4 21.
cxd4 Bxd4 22. Nxd5 Re8 23. Qd2 Bxe3+ 24. Nxe3 Qb6 25. Re1 Bb5 26. Kf2 Bc6 27.
Rd1 Qc5 28. Qd4 Qxd4 29. Rxd4 Kf8 30. h4 Re5 31. g4 h5 32. g5 g6 33. a3 Rb5 34.
b4 Re5 35. Rd2 Ke7 36. Nc4 Re6 37. Rd4 Bb5 38. Ne3 Bc6 39. Nc4 Bb5 40. Ne3 Bc6
41. Rd1 1/2-1/2

[Event "Team men HL chess 2016"]
[Site "Sochi"]
[Date "2016.05.03"]
[Round "3.7"]
[White "Zhurikhin, Alexander"]
[Black "Yandarbiev, Ruslan"]
[Result "1-0"]
[WhiteElo "2334"]
[BlackElo "2353"]
[PlyCount "91"]
[EventDate "2016.05.01"]

1. e4 c5 2. Nf3 d6 3. Bb5+ Nd7 4. O-O a6 5. Bd3 Ngf6 6. Re1 b5 7. c3 e5 8. Bc2
Be7 9. d4 O-O 10. Nbd2 Qc7 11. Nf1 Re8 12. Ng3 Bf8 13. d5 c4 14. h3 g6 15. Be3
Nc5 16. Qd2 Bd7 17. Bh6 Bg7 18. Bxg7 Kxg7 19. Nh4 Ng8 20. f4 Qd8 21. Nf3 f6 22.
Rf1 Qe7 23. b4 cxb3 24. axb3 a5 25. b4 axb4 26. cxb4 Na4 27. fxe5 fxe5 28. Bd3
h6 29. Kh2 Rac8 30. Rac1 Nf6 31. Qe2 Nc3 32. Qd2 Na4 33. Qe2 Nc3 34. Qe3 Na4
35. Nd2 Qd8 36. Rxc8 Qxc8 37. Rxf6 Kxf6 38. Qxh6 Ke7 39. Qh4+ Kf7 40. Qh7+ Kf6
41. Qh6 Ke7 42. Qxg6 Rf8 43. Qg5+ Ke8 44. Be2 Rf2 45. Bh5+ Kf8 46. Nf3 1-0

[Event "Team men HL chess 2016"]
[Site "Sochi"]
[Date "2016.05.03"]
[Round "3.7"]
[White "Kozak, Alexander"]
[Black "Aminov, Andrey"]
[Result "1/2-1/2"]
[WhiteElo "2280"]
[BlackElo "2324"]
[PlyCount "88"]
[EventDate "2016.05.01"]

1. e4 e5 2. Nf3 Nc6 3. Bb5 a6 4. Bxc6 dxc6 5. O-O Ne7 6. Nxe5 Qd4 7. Qh5 g6 8.
Qg5 Bg7 9. Nd3 f5 10. e5 c5 11. b3 b6 12. Bb2 Qg4 13. Qe3 Nd5 14. Qe1 Qe4 15.
Qd1 f4 16. Nc3 Nxc3 17. Bxc3 O-O 18. Re1 Qd5 19. f3 g5 20. Nf2 Bf5 21. d3 Rae8
22. Ne4 Bxe5 23. Bxe5 Rxe5 24. Nxg5 Bxd3 25. cxd3 Rxg5 26. Re4 Rd8 27. Qe2 Re5
28. Rf1 Rxe4 29. fxe4 Qd4+ 30. Kh1 Kh8 31. Qg4 Qe3 32. Qg5 Rxd3 33. Qf6+ Kg8
34. h3 Qxe4 35. Kh2 Rd6 36. Qg5+ Rg6 37. Qd8+ Kg7 38. Qxc7+ Kg8 39. Rf3 Rf6 40.
Qc8+ Kg7 41. Qxa6 Qe5 42. Qf1 h6 43. a4 Kg6 44. Kh1 Kg7 1/2-1/2

[Event "Team men HL chess 2016"]
[Site "Sochi"]
[Date "2016.05.03"]
[Round "3.8"]
[White "Bezgodov, Alexei"]
[Black "Vavulin, Maksim"]
[Result "0-1"]
[WhiteElo "2512"]
[BlackElo "2474"]
[PlyCount "98"]
[EventDate "2016.05.01"]

1. e4 e5 2. Nf3 Nc6 3. Bb5 a6 4. Ba4 d6 5. c3 g6 6. d4 Bd7 7. Be3 Bg7 8. Nbd2
Qe7 9. O-O Nf6 10. Re1 O-O 11. h3 Rad8 12. Rc1 Kh8 13. a3 Qe8 14. Bb3 Nh5 15.
Bd5 b6 16. Qe2 f5 17. Bg5 Ne7 18. Ba2 h6 19. Bxe7 Qxe7 20. exf5 Bxf5 21. Qe3
Qd7 22. dxe5 dxe5 23. Nf1 e4 24. N3h2 Qb5 25. Bb1 Nf6 26. Qe2 Qb3 27. Ng3 Rde8
28. Nhf1 Nd5 29. Qd1 Qxb2 30. Qxd5 e3 31. fxe3 Bxc3 32. Bxf5 Bxe1 33. Rxe1 gxf5
34. Qc6 Qf6 35. Rc1 Re7 36. Nh5 Qxc6 37. Rxc6 Rd8 38. Nfg3 Rd6 39. Rxd6 cxd6
40. Nxf5 Re5 41. g4 Ra5 42. Nxh6 Rxa3 43. Nf5 Ra5 44. Kf2 Rc5 45. Nxd6 a5 46.
g5 a4 47. Nf4 a3 48. g6 a2 49. Ne6 Kg8 0-1

[Event "Team men HL chess 2016"]
[Site "Sochi"]
[Date "2016.05.03"]
[Round "3.8"]
[White "Savenkov, Konstantin"]
[Black "Vokarev, Sergey"]
[Result "1/2-1/2"]
[WhiteElo "2381"]
[BlackElo "2461"]
[PlyCount "115"]
[EventDate "2016.05.01"]

1. e4 c6 2. d4 d5 3. Nd2 dxe4 4. Nxe4 Bf5 5. Nc5 e5 6. Nxb7 Qb6 7. Nc5 Bxc5 8.
dxc5 Qxc5 9. c3 Nf6 10. Be2 O-O 11. Nf3 Nbd7 12. O-O Rfd8 13. Be3 Qa5 14. Qd6
Rac8 15. Rfd1 Ng4 16. b4 Qa3 17. Bg5 Re8 18. Nh4 Be6 19. Qd3 Ngf6 20. Qc2 Nd5
21. Rd3 Nf4 22. Bxf4 exf4 23. Rd4 c5 24. bxc5 Qxc5 25. Nf3 Qxc3 26. Qxc3 Rxc3
27. Bb5 Rec8 28. h4 Nf6 29. Rxf4 Rc1+ 30. Rxc1 Rxc1+ 31. Kh2 Rc2 32. Nd4 Rxa2
33. Nxe6 fxe6 34. Bc4 Nd5 35. Bxd5 exd5 36. Kg3 Ra6 37. Rd4 Rd6 38. Kf4 Kf7 39.
Ke5 Ke7 40. Rg4 g6 41. Ra4 a6 42. Kd4 h5 43. Ra1 Ke6 44. Re1+ Kf5 45. Ra1 Rb6
46. Ra2 Kg4 47. Ra4 Kf5 48. Ra2 Ke6 49. g3 Kd6 50. Ra5 Ke6 51. Ra2 Rd6 52. Ra3
Kf5 53. Ra4 Ke6 54. Ra3 Rc6 55. Ra5 Rb6 56. Ra2 Rb4+ 57. Kd3 Rb6 58. Kd4
1/2-1/2

[Event "Team men HL chess 2016"]
[Site "Sochi"]
[Date "2016.05.03"]
[Round "3.8"]
[White "Ozgibcev, Anatoly"]
[Black "Tarasov, Alexandr"]
[Result "1/2-1/2"]
[WhiteElo "2375"]
[BlackElo "2323"]
[PlyCount "202"]
[EventDate "2016.05.01"]

1. Nf3 Nf6 2. g3 b5 3. Bg2 Bb7 4. O-O e6 5. a4 a6 6. d3 Be7 7. Nbd2 c5 8. axb5
axb5 9. Rxa8 Bxa8 10. e4 O-O 11. Re1 d6 12. e5 dxe5 13. Nxe5 Bxg2 14. Kxg2 Nfd7
15. Ndf3 Bf6 16. Ng4 Be7 17. Nge5 Nxe5 18. Nxe5 Nd7 19. Nxd7 Qxd7 20. Qf3 Bf6
21. b3 Rc8 22. Bf4 Qc6 23. Be5 Bxe5 24. Rxe5 Kf8 25. Re1 Qxf3+ 26. Kxf3 Ra8 27.
Re5 Rc8 28. Ke2 Ke7 29. Kd2 Kd6 30. Rh5 h6 31. g4 e5 32. Rf5 f6 33. f4 exf4 34.
Rxf4 Ra8 35. h4 Ra1 36. b4 Rg1 37. bxc5+ Kxc5 38. Kc3 Rg2 39. h5 Rg3 40. Kb3
Rg1 41. Kc3 Rg3 42. Re4 Rg2 43. Kb3 Rg3 44. Rf4 Rg1 45. c3 Rb1+ 46. Kc2 Rg1 47.
Kd2 Kd5 48. Rd4+ Kc6 49. Ke3 f5 50. gxf5 Rg5 51. Kf4 Rxh5 52. Ke5 Rg5 53. Rd6+
Kc7 54. Ra6 Rg3 55. Kd4 h5 56. f6 gxf6 57. Rxf6 h4 58. Rh6 h3 59. Ke4 Kb7 60.
Rh5 Kc6 61. Kd4 Kb6 62. Ke4 Kc6 63. Rh8 Kc7 64. Rh7+ Kc6 65. Rh6+ Kc7 66. Rh8
Kb7 67. Kd4 Kc7 68. Rh5 Kc6 69. Ke4 Kb6 70. Kd4 Kc6 71. Rh8 Kc7 72. Ke4 Kc6 73.
Rh5 Kb6 74. Kd4 Kc6 75. Rh6+ Kc7 76. Ke4 Kb7 77. Rh5 Kc6 78. Kd4 Kb6 79. Ke4
Kc6 80. Rh6+ Kc7 81. Rh8 Kb7 82. Kd4 Kc7 83. Rh6 Kb7 84. c4 bxc4 85. dxc4 Kc7
86. Kc5 Rg5+ 87. Kb4 Rg3 88. Kb5 Kb7 89. Rh7+ Kc8 90. c5 Rg6 91. Rxh3 Rf6 92.
Rh8+ Kb7 93. Rh7+ Kc8 94. Re7 Rh6 95. Kc4 Rh4+ 96. Kd5 Rh5+ 97. Kc6 Rh6+ 98.
Kb5 Rg6 99. Rf7 Rh6 100. Kc4 Rh4+ 101. Kd5 Rh5+ 1/2-1/2

[Event "Team men HL chess 2016"]
[Site "Sochi"]
[Date "2016.05.03"]
[Round "3.8"]
[White "Kovalev, Egor"]
[Black "Murzin, Volodar"]
[Result "1-0"]
[WhiteElo "2207"]
[BlackElo "2170"]
[PlyCount "101"]
[EventDate "2016.05.01"]

1. d4 Nf6 2. c4 g6 3. f3 Bg7 4. e4 d6 5. Nc3 O-O 6. Be3 c5 7. dxc5 dxc5 8. Qxd8
Rxd8 9. Bxc5 Nc6 10. Rd1 Rxd1+ 11. Kxd1 b6 12. Be3 Ba6 13. Nh3 Rd8+ 14. Kc2 e6
15. Be2 Nd4+ 16. Bxd4 Rxd4 17. Rd1 Nd7 18. f4 Rxd1 19. Nxd1 Bd4 20. b4 Bb7 21.
Kd3 Bf6 22. Bf3 Be7 23. Kc3 e5 24. Ne3 exf4 25. Nxf4 Bd6 26. g3 Ne5 27. Bg2 Nc6
28. Nd3 Ne5 29. c5 bxc5 30. bxc5 Bb8 31. Nxe5 Bxe5+ 32. Kc4 a6 33. Nd5 Kf8 34.
Bh3 Ke8 35. Nb4 a5 36. c6 Ba8 37. Bd7+ Kd8 38. Nd5 Bb7 39. cxb7 Kxd7 40. Kb5
Bb8 41. Nf6+ Kc7 42. Nxh7 Kxb7 43. Kxa5 Kc6 44. Kb4 Kd6 45. Kc4 Ke5 46. Kd3 Ba7
47. Ng5 f5 48. Nf3+ Kf6 49. a4 g5 50. a5 g4 51. Nd4 1-0

[Event "Team men HL chess 2016"]
[Site "Sochi"]
[Date "2016.05.03"]
[Round "3.9"]
[White "Ponomarenko, Alexandr"]
[Black "Tekeyev, Zaur"]
[Result "1-0"]
[WhiteElo "2240"]
[BlackElo "2350"]
[PlyCount "133"]
[EventDate "2016.05.01"]

1. e4 c5 2. Nf3 Nc6 3. d4 cxd4 4. Nxd4 e5 5. Nb5 d6 6. g3 Be7 7. Bg2 Be6 8.
N1c3 a6 9. Na3 b5 10. Nd5 Nf6 11. O-O O-O 12. c4 b4 13. Nc2 Nd7 14. b3 a5 15.
Be3 Rb8 16. Qd2 Nc5 17. Rad1 Nb7 18. h3 Kh8 19. g4 Bh4 20. Qe2 Bg5 21. Bb6 Qc8
22. f3 a4 23. Qe1 axb3 24. axb3 Bd8 25. Be3 Nc5 26. Rb1 Na5 27. Na1 Nc6 28. Nc2
Ra8 29. Kh1 Ra2 30. Qd1 Qb7 31. Ncxb4 Nxb4 32. Nxb4 Ra3 33. Nd3 Nxd3 34. Qxd3
Be7 35. Rf2 Rb8 36. Rfb2 Qb4 37. Qd2 Qb7 38. Qc2 h6 39. Bf2 Qa6 40. Bf1 Qa8 41.
Be2 Rc8 42. Qd2 Qb8 43. h4 Rc7 44. Kg2 Kg8 45. Bd1 Rb7 46. Rc1 Qa8 47. b4 Rc7
48. Be2 Bc8 49. Rc3 Ra1 50. Rcc2 Qb8 51. b5 Bb7 52. Ra2 Rxa2 53. Rxa2 Rc8 54.
Qa5 h5 55. g5 Rf8 56. Qb6 Bd8 57. Qe3 f5 58. Bd3 g6 59. b6 Bc6 60. c5 fxe4 61.
Bxe4 d5 62. Qb3 Qc8 63. Bxd5+ Kh8 64. b7 Qd7 65. Bxc6 Qxc6 66. b8=Q e4 67. Qe5+
1-0

[Event "Team men HL chess 2016"]
[Site "Sochi"]
[Date "2016.05.03"]
[Round "3.9"]
[White "Bykov, Egor"]
[Black "Dulenko, Maxim"]
[Result "1-0"]
[WhiteElo "2330"]
[BlackElo "2148"]
[PlyCount "89"]
[EventDate "2016.05.01"]

1. d4 d5 2. Nf3 Nf6 3. Bf4 e6 4. e3 Bd6 5. Bg3 Nbd7 6. Nbd2 Bxg3 7. hxg3 Qe7 8.
c3 e5 9. Bb5 O-O 10. Qc2 c6 11. Ba4 e4 12. Ng1 b5 13. Bb3 c5 14. a4 c4 15. Ba2
b4 16. cxb4 Qxb4 17. Ne2 Rb8 18. Rb1 Nb6 19. b3 cxb3 20. Qxb3 Qd6 21. Nc3 Ba6
22. Qb4 Qd7 23. a5 Bd3 24. Rb3 Rfc8 25. axb6 Qg4 26. bxa7 Rxb4 27. Rxb4 Rxc3
28. Rb8+ Rc8 29. Nf3 g6 30. a8=Q Rxb8 31. Qxb8+ Kg7 32. Ng1 Qe6 33. Qb2 Qa6 34.
f3 Qd6 35. Kf2 Qe6 36. g4 h5 37. g5 Ne8 38. Qb8 Nd6 39. Qd8 Kh7 40. Qf6 Qd7 41.
Bxd5 exf3 42. gxf3 Qc7 43. Ne2 Bxe2 44. Kxe2 Nf5 45. Rxh5+ 1-0

[Event "Team men HL chess 2016"]
[Site "Sochi"]
[Date "2016.05.03"]
[Round "3.9"]
[White "Kayukov, Kirill"]
[Black "Nechaev, Oleg"]
[Result "1-0"]
[WhiteElo "2166"]
[BlackElo "2343"]
[PlyCount "95"]
[EventDate "2016.05.01"]

1. c4 c5 2. Nc3 g6 3. g3 Bg7 4. Bg2 Nc6 5. e4 d6 6. Nge2 e6 7. O-O Nge7 8. d3
O-O 9. a3 Rb8 10. Rb1 Nd4 11. b4 Nec6 12. Be3 b6 13. b5 Nxe2+ 14. Nxe2 Nd4 15.
Nxd4 cxd4 16. Bd2 Bb7 17. f4 f5 18. exf5 Bxg2 19. Kxg2 gxf5 20. Qf3 Qd7 21.
Rfe1 Rfe8 22. Bb4 Bf8 23. Rbc1 Qb7 24. Re2 Kf7 25. Rce1 Kf6 26. h3 h5 27. Kf2
Qxf3+ 28. Kxf3 Rb7 29. Rg2 Rd7 30. Rge2 Bh6 31. a4 Bf8 32. Ba3 Kf7 33. g4 hxg4+
34. hxg4 fxg4+ 35. Kxg4 Bg7 36. Kf3 Bf6 37. f5 Be5 38. Bxd6 Rxd6 39. Rxe5 Rh8
40. Rxe6 Rd7 41. Rg6 Rh3+ 42. Rg3 Rh5 43. Kf4 Rh4+ 44. Rg4 Rh3 45. Reg1 Rh7 46.
Rg6 Re7 47. f6 Rc7 48. Rg7+ 1-0

[Event "Team men HL chess 2016"]
[Site "Sochi"]
[Date "2016.05.03"]
[Round "3.10"]
[White "Vasilyev, Vasily"]
[Black "Shcherbakov, Ruslan"]
[Result "0-1"]
[WhiteElo "2308"]
[BlackElo "2492"]
[PlyCount "48"]
[EventDate "2016.05.01"]

1. d4 Nf6 2. Nf3 c5 3. d5 b5 4. Bg5 Qb6 5. e3 Bb7 6. a4 Nxd5 7. axb5 h6 8. Bh4
g5 9. Bg3 Bg7 10. c3 O-O 11. Nbd2 d6 12. Bd3 a6 13. bxa6 Bxa6 14. Bxa6 Qxb2 15.
Rb1 Qa3 16. Ra1 Qxc3 17. Rc1 Rxa6 18. Rxc3 Nxc3 19. Qc1 Nc6 20. Nb3 Rb8 21.
Nfd2 Nb4 22. Kf1 Ra2 23. Nxc5 Rba8 24. Nde4 Ra1 0-1

[Event "Team men HL chess 2016"]
[Site "Sochi"]
[Date "2016.05.03"]
[Round "3.10"]
[White "Scherbakov, Mikhail"]
[Black "Ganzhurov, Roman"]
[Result "0-1"]
[WhiteElo "2139"]
[BlackElo "2241"]
[PlyCount "170"]
[EventDate "2016.05.01"]

1. e4 e5 2. Nf3 Nc6 3. Bb5 a6 4. Ba4 Nf6 5. d3 d6 6. c3 g6 7. O-O Bg7 8. h3 O-O
9. Re1 b5 10. Bc2 d5 11. Be3 Bb7 12. Nbd2 Re8 13. Qb1 dxe4 14. dxe4 Qe7 15. b4
Rad8 16. Nb3 Nh5 17. Nc5 Bc8 18. Bb3 Nf4 19. h4 h6 20. g3 Nh3+ 21. Kg2 g5 22.
hxg5 hxg5 23. Qc1 Bf6 24. Nh2 Kg7 25. Bd1 Nf4+ 26. gxf4 exf4 27. e5 Qxe5 28.
Bf3 fxe3 29. Rxe3 Qd6 30. Ne4 Qf4 31. Nxf6 Qxf6 32. Nf1 Ne5 33. Ng3 Kg8 34. Be4
Qh6 35. Qh1 Qxh1+ 36. Rxh1 Rd2 37. Bh7+ Kf8 38. Be4 Red8 39. Rh8+ Ke7 40. Rh7
Be6 41. Bf5 Bxf5 42. Nxf5+ Kf6 43. Nd4 Ng6 44. Kg3 Rxa2 45. Rf3+ Nf4 46. Rh6+
Kg7 47. Nf5+ Kg8 48. Kg4 Rd3 49. Rxd3 Nxd3 50. Kxg5 Nxf2 51. Rc6 Rc2 52. Ne7+
Kg7 53. Nf5+ Kg8 54. Ne7+ Kf8 55. Nd5 Kg7 56. Kf5 Nd1 57. Rxc7 Rf2+ 58. Ke4
Re2+ 59. Kf3 Re5 60. Nf4 Re3+ 61. Kg4 Rxc3 62. Rd7 Ne3+ 63. Kg5 Rc6 64. Nh5+
Kf8 65. Nf6 Nc2 66. Nd5 Kg7 67. Ne7 Re6 68. Nf5+ Kf8 69. Rd8+ Re8 70. Rd7 Nxb4
71. Nd6 Re5+ 72. Kf6 Re6+ 73. Kf5 Re7 74. Rd8+ Kg7 75. Kg5 f6+ 76. Kg4 Kg6 77.
Rg8+ Rg7 78. Ra8 Rd7 79. Nf5 Kf7 80. Ne3 Ke6 81. Re8+ Re7 82. Rd8 Ke5 83. Nf5
Rc7 84. Re8+ Kd5 85. Ne3+ Kc5 0-1